|
|
|
|
| LEADER |
00000nab a2200000uu 4500 |
| 001 |
vtls011139461 |
| 003 |
SK-MaSNL |
| 005 |
20260303172014.0 |
| 008 |
230218|2008 xo |||||||||||||||||slo| |
| 015 |
|
|
|a SNBRB
|
| 035 |
|
|
|a (urnnbn)urn:nbn:sk:snk:ar-007wuc
|
| 035 |
|
|
|a (uuid)854cf828-93b9-4092-a689-da8649342b03
|
| 035 |
|
|
|a urn:nbn:sk:snk-abarme
|
| 040 |
|
|
|a SNKBUCL
|b slo
|c SNKBUCL
|e AACR2
|
| 041 |
0 |
|
|a slo
|
| 044 |
|
|
|a xo
|c SK
|
| 100 |
1 |
|
|a Andriamainty, F.
|4 aut
|9 784245
|
| 245 |
1 |
0 |
|a Štúdium lokálnych anestetík :
|b Časť 183: Micelizácia a termodynamické parametre heptakaíniumchloridu v prostredí roztoku KBr
|c F. Andriamainty, I. Malík, J. Čižmárik, S. Horvat
|
| 700 |
1 |
|
|a Malík, Ivan,
|d 1978-
|4 aut
|9 228898
|
| 700 |
1 |
|
|a Čižmárik, Jozef,
|d 1943-
|4 aut
|9 106710
|
| 700 |
1 |
|
|a Horvat, S.
|4 aut
|9 939649
|
| 773 |
0 |
|
|t Česká a slovenská farmacie : časopis České farmaceutické společnosti a Slovenské farmaceutické společnosti
|g Roč. 57, č. 3 (2008), s. 119-125
|
| 954 |
|
|
|a odborná, vedecká literatúra pôvodná (slovenská)
|2 lita
|
| 958 |
|
|
|a OND
|
| 958 |
|
|
|a EUIPO
|
| 958 |
|
|
|a article14
|
| 999 |
|
|
|c 2084463
|d 2086393
|